000
00302nam a22001217a 4500
100
_a
Aldrige,Trevor
245
_a
Letting business premises
260
_a
London
_b
Oyez publication
_c
1971
300
_a
xiv,158p.
_b
21cm.
500
_a
includes indexes
650
_a
Letting business premises
942
_c
BK
999
_c
16700
_d
16700